Statystyki dla Zgadnij co to za postać z Miraculous | Część #14

Kliknij tutaj aby rozwiązać quiz!

Ogólne statystyki

  • Ten quiz został rozwiązany 25 razy
  • Średni wynik to 10 z 20

Statystyki odpowiedzi

Odpowiedź% Poprawnych
Biały Kot
100%
Królowa Bananów
100%
Królowa Miraculów
100%
Król Zabawek
100%
Zdeptucha
80%
Wściekły Fu
60%
Imprezowicz
53%
Optigami
53%
Połykacz Serc
53%
Spełniacz Marzeń
53%
Łzoczyńca
47%
Prosteusz
47%
Kuro Neko
40%
Antyblaga
33%
As prawdy
33%
Megapijawa
33%
Efemeryd
27%
Hack-San
13%
Qilin
7%
Psychomedniant
0%

Rozkład punktacji

Percentyl według liczby udzielonych odpowiedzi

Procent ludzi z każdym wynikiem

Twoja historia wyników

Nie rozwiązałeś tego quizu